000 00426nam a22001457a 4500
999 _c7534
_d7532
005 20210306122413.0
008 210306b ||||| |||| 00| 0 eng d
082 _a346.066
100 _aAIYAR, A.N.
_96466
245 _aREPORTS OF COMPANY CASES INCLUDING CASES ON BANKING AND INSURENCE [VOL-31]
260 _aMADRAS
_bTHE COMPANY LAW INSTITUTE OF INDIA
_c1961
300 _aI-130, P
650 _aLAW
_95701
942 _cJRL